000 00674nam a22002417a 4500
008 130723b xxu||||| |||| 00| 0 eng d
020 _a81 7754 041 6
024 _cAvailable
037 _cAvailable
040 _aMBSTU Library
_dMBSTU Library
082 _222
_a664.8 CRC
100 _aCruess,W.V
245 _aCommercil Fruil and vegetable products
260 _aIndia
_bAcrobios
_c2011
300 _a22 cm
_b906 Page
_f03
_g22 cm
600 _2Number Theory 2 Sets
650 _2Fruil and vegetable products
700 _aCruess,W.V
270 _aNew Delhi
_bNew Delhi
_dIndia
365 _b3060
_d3060
942 _2ddc
_cBK
999 _c597
_d597